Statistiken für Simpsons Charaktere

Klicken Sie hier um das Quiz zu spielen!

Allgemein

  • Dieses Quiz wurde 139 mal gespielt
  • Das Durchschnittsergebnis liegt bei 28 aus 200

Antwortstatistiken

NummerCharakter% Korrekt
3Bart Simpson
100%
1Homer Simpson
99%
4Lisa Simpson
99%
2Marge Simpson
98%
5Maggie Simpson
86%
72Moe Szyslak
75%
14Nedward Flanders
75%
59Charles Montgomery Burns
74%
32Milhouse Van Houten
70%
61Waylon Smithers
64%
115Krusty der Clown
63%
51Nelson Muntz
61%
6Abraham Simpson (Grampa)
60%
85Apu Nahasapeemapetilon
59%
35Ralph Wiggum
59%
116Sideshow Bob
59%
73Barney Gumble
58%
20Rektor Seymour Skinner
58%
63Carl Carlson
55%
36Chief Clancy Wiggum
55%
89Selma Bouvier
52%
62Lenny Leonard
51%
11Knecht Ruprecht
43%
16Rod Flanders
43%
17Todd Flanders
43%
90Patty Bouvier
41%
22Hausmeister Willie
32%
12Schneeball der zweite
32%
69Dr Julius Hibbert
31%
118
Sideshow Mel
31%
24Edna Krabappel
30%
124Kent Brockman
29%
38Martin Prince
29%
121Duffman
28%
15Maude Flanders
28%
30Otto Mann
28%
23Oberschulrat Gary Chalmers
26%
102Bürgermeister Joe Quimby
25%
111Itchy
24%
81Hans Maulwurf
23%
66Reverant Timothy Lovejoy
23%
112Scratchy
23%
100Lou
22%
156Fat Tony
21%
54Jimbo Jones
18%
33Kirk Van Houten
18%
134Zahnfleischbluter Murphy
18%
21Agnes Skinner
16%
142Comicbuch Verkäufer
16%
76Cletus Spuckler
15%
67Helen Lovejoy
15%
86Manjula Nahasapeemapetilon
15%
128Rainier Wolfcastle
15%
71Dr Nick Riviera
14%
53Kearney Zzyzwicz
14%
7Mona Simpson
14%
79Disco Stu
13%
101Eddie
13%
93Snake
13%
57Herb Powell
12%
41Terri Mackleberry
12%
55Dolph Shapiro
11%
40Sherri Mackleberry
11%
25Elizabeth Hoover
10%
120Hummelmann
10%
34Luann Van Houten
10%
77Brandine Spuckler
8%
64Frank Grimes
8%
109Jasper Beardsley
8%
74Larry
8%
43Uter Zörker
8%
75Sam
7%
87Sanjay Nahasapeemapetilon
7%
145Artie Ziff
6%
152Professor Jonathan Frink
6%
190Troy McClure
6%
162Verrückte Katzen Frau
6%
47Alisson Taylor
5%
125Arnie Pye
5%
48Database
5%
31Dewey Largo
5%
104Freddy Quimby
5%
92Hank Scorpio
5%
68Jessica Lovejoy
5%
172Kang
5%
143Luigi Risotto
5%
29Lunchlady Dora/Doris
5%
52Mrs Muntz
5%
183Plopper
5%
178Poochie
5%
37Sarah Wiggum
5%
13Schneeball der erste
5%
56Shauna Chalmers
5%
82Teenager mit Quietschender Stimme
5%
45Wendell Borton
5%
70Bernice Hibbert
4%
147Cookie Kwan
4%
137Drederick Tatum
4%
146Dr Marvin Monroe
4%
151Herman Hermann
4%
175Hugo
4%
44Janey Powell
4%
94Jeremy Jailbird
4%
173Kodos
4%
193Laddie
4%
46Lewis Clark
4%
158Louie
4%
133Lurleen Lumpkin
4%
84Lustiger Pete
4%
199Mr Bergstrom
4%
119Mr Teeny
4%
96Paris Texan
4%
181Radioactive Man
4%
155Becky
3%
108Blauhaariger Anwalt
3%
127Booberella
3%
91Jacqueline Bouvier
3%
161Kumiko
3%
157Legs
3%
103Martha Quimby
3%
65Mindy Simmons
3%
8Orville Simpson
3%
106Richter Snyder
3%
188Arthur
2%
49Baby Gerald
2%
26Coach Krupt
2%
95Der reiche Texaner
2%
182Fallout Boy
2%
105Gouverneurin Mary Bailey
2%
129Greta Wolfcastle
2%
42Jerri Mackleberry
2%
83Kapitän McCallister
2%
99Laura Powers
2%
148Lindsey Neagle
2%
196Lionel Hutz
2%
78Maw Spuckler
2%
189Morty Szyslak
2%
10Old Tut Simpson
2%
164Prinzessin Penelope
2%
154Raphael
2%
113Roger Myers Jr
2%
9Yuma Hickman
2%
58Abbey
1%
198Abraham Lincoln
1%
144Akira Kurosawa
1%
136Alice Glick
1%
110Alter jüdischer Mann
1%
149Aristotle Amadopolis
1%
177Birch Barlow
1%
50Bort
1%
171(Böse) Krusty Puppe
1%
150Brittany Brockman
1%
19Capri Flanders
1%
117Cecil Terwillinger
1%
114Chester Lampwick
1%
27Coach Pommelhorst
1%
126Dave Shutton
1%
132Declan Desmond
1%
153Der Ja Sager
1%
184Dr Colossus
1%
194Emily Winthrop
1%
185Everyman
1%
160Frankie der Schwätzer
1%
187Gabbo
1%
39Gloria Prince
1%
140Jacques
1%
88Jay Nahasapeemapetilon
1%
159Johnny Tightlips
1%
141Jub Jub
1%
139Lance Murdock
1%
60Larry Burns
1%
28Leopold
1%
97Lucille Botzkowski
1%
138Lucius Sweet
1%
197Lyle Lanley
1%
165Matt Groening
1%
200Molloy
1%
192Mr McGreg
1%
18Nedward Flanders Sr.
1%
179Nummer 1
1%
180Nummer 51
1%
130Rabbi Krustofski
1%
107Richterin Constance Harm
1%
170R.O.S.A
1%
98Ruth Powers
1%
186Sebastian Cobb
1%
131Sophie Krustofski
1%
163Verrückter Hunde Mann
1%
123Amber Dempsey
0%
166Capitol City Knalltüte
0%
176Frinkenstein
0%
167Jebediah Springfield
0%
174Kamala
0%
169Lard Lad Donuts
0%
195McGriff der Kriminalhund
0%
122Miss Springfield
0%
191Old Scratch
0%
80Prinzessin Kashmir
0%
168Shelbyville Manhattan
0%
135Stacy Lovell
0%

Verteilung der Resultate

Perzentil nach korrekt beantworteten Fragen

Anzahl Personen mit jedem Resultat

Ihre Resultats-Entwicklung

Sie haben dieses Quiz noch nicht gespielt